[Event "Autumn Cup"]
[Site "Box Hill"]
[Date "2002.02.22"]
[Round "3.41"]
[White "Benjamin, Frank"]
[Black "Loo, David"]
[Result "1-0"]
[WhiteElo "1251"]
[BlackElo "774"]
[Annotator "hl"]
[PlyCount "71"]
[EventDate "2002.02.08"]

1. d4 e6 2. c4 Nf6 3. Nc3 Bb4 4. Qc2 c6 5. Bd2 d5 6. a3 Ba5 7. b4 Bc7 8. Nf3
Qe7 9. e3 O-O 10. c5 e5 11. dxe5 Bxe5 12. Nxe5 Qxe5 13. Bd3 d4 14. f4 Qe7 15.
Ne4 Nxe4 16. Bxe4 f5 17. Bd3 dxe3 18. Bc3 b6 19. O-O Na6 20. Be5 bxc5 21. Rfe1
Qe6 22. Bc4 Qxc4 23. Qxc4+ Kh8 24. Rxe3 Bb7 25. Qc3 Rf7 26. Rg3 Rg8 27. h4 h6
28. Rd1 Nc7 29. Rg6 Kh7 30. h5 Ne8 31. Qxc5 Nf6 32. Bxf6 Rxf6 33. Rxf6 gxf6 34.
Rd7+ Rg7 35. Qxf5+ Kh8 36. Qxf6 1-0

[Event "Autumn Cup"]
[Site "Box Hill"]
[Date "2002.02.22"]
[Round "3.42"]
[White "Vijayakumar, Rukman"]
[Black "Thakur, Udit"]
[Result "1/2-1/2"]
[WhiteElo "1234"]
[BlackElo "702"]
[Annotator "hl & df"]
[PlyCount "83"]
[EventDate "2002.02.08"]

{The following is a well played game between two of our younger players.} 1. e4
e5 2. Nf3 Nf6 3. Nc3 Bb4 4. d3 Nc6 5. Be3 d6 6. a3 Bxc3+ 7. bxc3 Be6 8. Be2 O-O
9. Bg5 h6 10. Bh4 Qe7 11. d4 exd4 12. cxd4 Bd7 13. Bd3 Bg4 14. d5 (14. c3 g5
15. Bg3 Nxe4 {wins a pawn}) 14... Ne5 15. Be2 Bxf3 16. Bxf3 Nxf3+ 17. gxf3 c6
18. c4 Rac8 19. Qd4 cxd5 20. Bxf6 Qxf6 21. Qxf6 gxf6 22. cxd5 Rc3 23. Ke2 Rfc8
24. Rhd1 Rc2+ 25. Rd2 Rxd2+ 26. Kxd2 Rc4 27. Ra2 f5 28. Rc2 Rxc2+ 29. Kxc2 fxe4
(29... f4 {is the best winning try. Black will use three pawns to tie down
four white pawns and then   try to break through on the queenside.}) 30. fxe4
Kg7 {black must keep his king close to the central pawns. otherwise white will
sacrifice a pawn on e5 so as to queen the d pawn.} 31. Kd3 Kg6 32. Ke3 Kf6 33.
Kd4 Ke7 34. a4 f6 35. a5 Kd7 36. Kc4 Kc7 37. Kb5 a6+ 38. Kb4 b6 39. f4 b5 40.
h4 Kd7 41. h5 Kc7 42. Kc3 (42. f5 {
establishes a Maginot Line draw where neiher king can penetrate}) 1/2-1/2

[Event "Autumn Cup"]
[Site "Box Hill"]
[Date "2002.02.22"]
[Round "3.43"]
[White "Lauder, Natasha"]
[Black "Carey, Jamie"]
[Result "1-0"]
[WhiteElo "830"]
[BlackElo "1126"]
[Annotator "hl"]
[PlyCount "47"]
[EventDate "2002.02.08"]

1. e4 c6 2. d4 d5 3. f3 Nd7 4. Nc3 Nb6 5. Bf4 dxe4 6. fxe4 Nf6 7. Nf3 Bg4 8. h3
Bxf3 9. Qxf3 e6 10. a3 Be7 11. Qe2 Qd7 12. O-O-O Nh5 13. Be3 Ng3 14. Rg1 Nxf1
15. Rdxf1 Nc4 16. Qd3 Nxe3 17. Qxe3 g6 18. Re1 Bf8 19. d5 O-O-O 20. dxe6 fxe6
21. Qxa7 Qd2+ 22. Kb1 Bg7 23. Rd1 Qe3 24. Qxe3 1-0

[Event "Autumn Cup"]
[Site "Box Hill"]
[Date "2002.02.22"]
[Round "3.53"]
[White "Bourmistrov, Anna"]
[Black "Tham, Christopher"]
[Result "0-1"]
[WhiteElo "881"]
[BlackElo "686"]
[Annotator "hl"]
[PlyCount "25"]
[EventDate "2002.02.08"]

1. e4 e5 2. Nf3 Nc6 3. d4 Bd6 4. d5 Nce7 5. Nc3 Nf6 6. Be3 Ng4 7. h3 Nxe3 8.
fxe3 Ng6 9. Be2 Nh4 10. Rf1 c6 11. Nxh4 O-O {Is this right?} 12. Bh5 g6 13. Bg4
{Scoresheet errors} 0-1

[Event "Autumn Cup"]
[Site "Box Hill"]
[Date "2002.02.22"]
[Round "3.54"]
[White "Shan, Indran"]
[Black "Gray, Alan"]
[Result "1-0"]
[WhiteElo "864"]
[BlackElo "675"]
[Annotator "hl"]
[PlyCount "113"]
[EventDate "2002.02.08"]

1. d4 d5 2. Nc3 Nf6 3. e4 dxe4 4. f3 e6 5. a3 Bd6 6. fxe4 e5 7. dxe5 Bxe5 8.
Qxd8+ Kxd8 9. Bg5 c6 10. O-O-O+ Bd7 11. Nf3 Re8 12. Bc4 Re7 13. Nxe5 Rxe5 14.
Bxf6+ gxf6 15. Bxf7 Kc7 16. Rd3 Na6 17. b4 b5 18. Rhd1 Bg4 19. R1d2 Rf8 20. Bb3
Kb6 21. Rd6 Nc7 22. h3 Bh5 23. g4 Bg6 24. Bd5 Nxd5 25. Nxd5+ Kb7 26. Nxf6 Bxe4
27. Nd7 Rf1+ 28. Kb2 Re7 29. Nc5+ Kc8 30. Nxe4 Rxe4 31. Rxc6+ Kb7 32. Rh6 Re7
33. h4 Rf4 34. g5 Rf5 35. Rg2 Rg7 36. g6 hxg6 37. Rgxg6 Rxg6 38. Rxg6 Rh5 39.
Rg4 Kb6 40. Kb3 a5 41. c4 bxc4+ 42. Kxc4 axb4 43. axb4 Rb5 44. Kd3 Rd5+ 45. Kc4
Rd1 46. h5 Rc1+ 47. Kb3 Rb1+ 48. Ka2 Rh1 49. Rg5 Rh4 50. Ka3 Rh3+ 51. Ka4 Rc3
52. h6 Rc1 53. Rh5 Ra1+ 54. Kb3 Kc6 55. h7 Ra8 56. Kc4 Kd7 57. b5 1-0

[Event "Autumn Cup"]
[Site "Box Hill"]
[Date "2002.02.22"]
[Round "3.55"]
[White "Leung, James"]
[Black "Van Dijk, Marieke"]
[Result "0-1"]
[WhiteElo "533"]
[BlackElo "835"]
[Annotator "hl"]
[PlyCount "27"]
[EventDate "2002.02.08"]

1. e4 e6 2. c4 c6 3. Nc3 a6 4. a4 Bc5 5. d4 Ba7 6. Be3 Ne7 7. d5 e5 8. Bxa7
Rxa7 9. g3 O-O 10. f4 cxd5 11. cxd5 Re8 12. Nge2 d6 13. Rg1 Ng6 14. f5 {
Scoresheet errors} 0-1

[Event "Autumn Cup"]
[Site "Box Hill"]
[Date "2002.02.22"]
[Round "3.56"]
[White "Parker, Derek"]
[Black "Le, Tuan N"]
[Result "1-0"]
[WhiteElo "1570"]
[BlackElo "1954"]
[Annotator "dp"]
[PlyCount "81"]
[EventDate "2002.02.08"]

1. b4 d5 2. Bb2 Nf6 3. b5 Bf5 4. e3 e6 5. Nf3 Be7 6. Nd4 Bg6 7. Be2 O-O 8. O-O
a6 9. a4 axb5 10. axb5 Rxa1 11. Bxa1 Nbd7 12. Nc3 Qa8 13. Bb2 Nc5 14. d3 Ne8
15. Qd2 Nd6 16. Nf3 Qe8 17. Ba3 Nd7 18. Rb1 Nf5 19. Bxe7 Qxe7 20. h3 Ra8 21. e4
dxe4 22. dxe4 Nd6 23. e5 Ne4 24. Qe3 Qc5 25. Qxc5 Ndxc5 26. Nxe4 Bxe4 27. Rc1
Ra2 28. Nd4 Kf8 29. f3 Bg6 30. g4 Ke7 31. h4 f6 32. exf6+ gxf6 33. h5 Bf7 34.
Kf2 e5 35. Nf5+ Ke8 36. b6 Kd7 37. Bb5+ c6 38. Rd1+ Bd5 39. Rxd5+ Ke8 40. Rxc5
cxb5 41. Nd6+ 1-0

[Event "Autumn Cup"]
[Site "Box Hill"]
[Date "2002.03.01"]
[Round "4.1"]
[White "Gluzman, Michael"]
[Black "Raine, Marcus"]
[Result "1-0"]
[WhiteElo "2363"]
[BlackElo "1912"]
[Annotator "jp"]
[PlyCount "59"]
[EventDate "2002.02.08"]

1. e4 c5 2. c3 d5 3. exd5 Qxd5 4. d4 Nc6 5. Nf3 cxd4 6. cxd4 e5 7. Nc3 Bb4 8.
Bd2 Bxc3 9. Bxc3 e4 10. Ne5 Nxe5 11. dxe5 Ne7 12. Qa4+ Bd7 13. Qa3 e3 14. f3
Rc8 15. Rd1 Qc5 16. Qxc5 Rxc5 17. Bd4 Ra5 18. Bxe3 Rxe5 19. Kf2 a6 20. Bd4 Rg5
21. h4 Rg6 22. h5 Rd6 23. h6 g6 24. Bxa6 Rxd4 25. Rxd4 bxa6 26. Rhd1 O-O 27.
Rxd7 Nf5 28. Rd8 Nxh6 29. Rxf8+ Kxf8 30. Rd6 1-0

[Event "Autumn Cup"]
[Site "Box Hill"]
[Date "2002.03.01"]
[Round "4.2"]
[White "Meydan, Arie"]
[Black "Bourmistrov, Denis"]
[Result "0-1"]
[WhiteElo "1804"]
[BlackElo "1922"]
[Annotator "hl"]
[PlyCount "52"]
[EventDate "2002.02.08"]

1. e4 d6 2. f4 g6 3. Nf3 c6 4. d4 d5 5. Nc3 Bg4 6. h3 Bxf3 7. Qxf3 dxe4 8. Nxe4
Qxd4 9. c3 Qb6 10. Bc4 Bg7 11. Be3 Qc7 12. Bxf7+ Kxf7 13. Ng5+ Ke8 14. Ne6 Qd6
15. Nxg7+ Kf7 16. Rd1 Qc7 17. Nh5 gxh5 18. Qxh5+ Kf8 19. O-O Nf6 20. Qh6+ Kf7
21. Bd4 Nbd7 22. Rfe1 Rhg8 23. f5 Rg7 24. Bf2 Rd8 25. Rxe7+ Kxe7 26. Qxg7+ Ke8
0-1

[Event "Autumn Cup"]
[Site "Box Hill"]
[Date "2002.03.01"]
[Round "4.3"]
[White "Kempen, Leon"]
[Black "Lojanica, Milenko"]
[Result "0-1"]
[WhiteElo "2008"]
[BlackElo "1985"]
[Annotator "hl"]
[PlyCount "126"]
[EventDate "2002.02.08"]

1. e4 c5 2. Nf3 Nc6 3. Bb5 a6 4. Bxc6 dxc6 5. d3 Nf6 6. Nc3 Bg4 7. h3 Bh5 8.
Be3 e6 9. Qd2 Bxf3 10. gxf3 b5 11. Ke2 h6 12. Rag1 Nh5 13. f4 Nf6 14. f3 g6 15.
Qe1 Be7 16. Qf2 Qc7 17. Nb1 Nd7 18. Nd2 Qa5 19. a3 Qa4 20. Rc1 c4 21. Bd4 Rg8
22. dxc4 bxc4 23. Qe3 c5 24. Bc3 Qb5 25. Rhg1 O-O-O 26. a4 Qxa4 27. Ra1 Qxc2
28. Rxa6 Kb7 29. Rga1 Ra8 30. Rxa8 Rxa8 31. Rxa8 Kxa8 32. e5 Kb7 33. f5 Qd3+
34. Qxd3 cxd3+ 35. Kxd3 exf5 36. Nc4 Kc6 37. Bd2 g5 38. f4 f6 39. fxg5 fxg5 40.
Bc3 Kd5 41. Ne3+ Ke6 42. Nc4 h5 43. Ke2 g4 44. hxg4 hxg4 45. Ke3 Bg5+ 46. Kf2
Bf4 47. b4 Nxe5 48. Bxe5 Bxe5 49. bxc5 Bd4+ 50. Kg2 Bxc5 51. Na5 Kd5 52. Nb3 f4
53. Nd2 Be3 54. Nf1 Ke4 55. Nh2 Kf5 56. Kh1 Bd2 57. Kg2 Be1 58. Nf1 f3+ 59. Kh2
Kf4 60. Kh1 g3 61. Kg1 Bf2+ 62. Kh1 g2+ 63. Kh2 g1=Q+ 0-1

[Event "Autumn Cup"]
[Site "Box Hill"]
[Date "2002.03.01"]
[Round "4.4"]
[White "Wen, Phillip"]
[Black "Lojanica, Zdravko"]
[Result "0-1"]
[WhiteElo "1699"]
[BlackElo "1817"]
[Annotator "hl"]
[PlyCount "95"]
[EventDate "2002.02.08"]

1. d4 d6 2. c4 c6 3. Nc3 g6 4. e4 Bg7 5. Be2 Nf6 6. Bg5 Qc7 7. Nf3 a6 8. a4 O-O
9. Qd2 Re8 10. O-O Nbd7 11. Ne1 e5 12. d5 Nc5 13. Qc2 Qb6 14. a5 Qb3 15. Qxb3
Nxb3 16. Ra3 Nd4 17. Bd3 Nd7 18. b4 f5 19. Nc2 Nf6 20. Bxf6 Bxf6 21. Nxd4 exd4
22. Na4 fxe4 23. Nb6 Rb8 24. Re1 Bf5 25. Bxe4 Rxe4 26. Rxe4 Bxe4 27. Nd7 Rf8
28. f3 Bc2 29. dxc6 bxc6 30. b5 cxb5 31. cxb5 d3 32. Rxd3 Bxd3 33. b6 Bd4+ 34.
Kh1 Re8 35. h4 Re1+ 36. Kh2 Rb1 37. g4 Kf7 38. Nb8 Ke6 39. Nc6 Be5+ 40. Kg2
Rb2+ 41. Kg1 Kd7 42. Nb8+ Ke6 43. Nc6 Kd5 44. Ne7+ Kd4 45. h5 gxh5 46. gxh5 Ke3
47. f4 Bxf4 48. Nd5+ 0-1

[Event "Autumn Cup"]
[Site "Box Hill"]
[Date "2002.03.01"]
[Round "4.5"]
[White "Lycett, Garry"]
[Black "Saw, Geoffrey"]
[Result "0-1"]
[WhiteElo "1711"]
[BlackElo "2179"]
[Annotator "hl"]
[PlyCount "80"]
[EventDate "2002.02.08"]

1. e4 e6 2. d4 d5 3. exd5 exd5 4. Nf3 Bd6 5. Bd3 Ne7 6. O-O Bg4 7. Re1 Nbc6 8.
Be3 Qd7 9. c3 O-O-O 10. Na3 Nf5 11. Nb5 Be7 12. Qa4 a6 13. Na7+ Nxa7 14. Qxd7+
Rxd7 15. Ne5 Nxe3 16. Rxe3 Be6 17. Nxd7 Kxd7 18. Rae1 Bd6 19. g3 Nc6 20. b4 Nd8
21. f4 g6 22. Rf1 f5 23. Rfe1 Re8 24. a4 Bf7 25. Rxe8 Bxe8 26. b5 a5 27. Kf2
Bf7 28. Kf3 Be6 29. h3 h5 30. Ke3 b6 31. Be2 Nf7 32. Kd3 Nh6 33. Ke3 Ng8 34.
Bf3 Nf6 35. h4 Ne4 36. Bxe4 dxe4 37. Rb1 Bc4 38. Rb2 Ba3 39. Rb1 Bd3 40. Rb3
Bc1+ 0-1

[Event "Autumn Cup"]
[Site "Box Hill"]
[Date "2002.03.01"]
[Round "4.6"]
[White "Dizdarevic, Mehmedalija"]
[Black "Chmiel, Rad"]
[Result "1-0"]
[WhiteElo "1912"]
[BlackElo "1598"]
[Annotator "hl"]
[PlyCount "75"]
[EventDate "2002.02.08"]

1. e4 c5 2. Nc3 Nc6 3. f4 g6 4. Bc4 Bg7 5. Nf3 Na5 6. Be2 d6 7. Bb5+ Bd7 8. Qe2
Nc6 9. O-O Nd4 10. Nxd4 cxd4 11. Nd5 e6 12. Nb4 Ne7 13. c3 O-O 14. Bxd7 Qxd7
15. Nc2 Nc6 16. Qd3 e5 17. f5 Qe7 18. b3 Qf6 19. Ba3 Rfd8 20. c4 Rac8 21. Rf3
Rd7 22. Raf1 gxf5 23. Rxf5 Qg6 24. R1f3 Ne7 25. Rg3 Qe6 26. Rfg5 Ng6 27. Nb4 f6
28. Rxg6 hxg6 29. Rxg6 Kh7 30. Qg3 Qf7 31. Rg4 Rh8 32. Nd5 f5 33. exf5 Qxf5 34.
Qh3+ Bh6 35. Rg7+ Kxg7 36. Qxf5 Rf7 37. Qg4+ Kh7 38. Bxd6 1-0

[Event "Autumn Cup"]
[Site "Box Hill"]
[Date "2002.03.01"]
[Round "4.7"]
[White "Dutka, Janusz"]
[Black "Chowdhury, Mahmud"]
[Result "0-1"]
[WhiteElo "1904"]
[BlackElo "1676"]
[Annotator "hl"]
[PlyCount "115"]
[EventDate "2002.02.08"]

1. e4 e6 2. d3 c5 3. Nf3 g6 4. g3 Bg7 5. Bg2 d6 6. O-O Ne7 7. Nbd2 O-O 8. Re1
Nbc6 9. Nf1 Rb8 10. Ng5 b5 11. f4 c4 12. c3 cxd3 13. Qxd3 b4 14. Ne3 bxc3 15.
bxc3 Nb4 16. Qd2 Ba6 17. Bf1 Bxf1 18. Kxf1 Qc7 19. Bb2 Na6 20. Rac1 h6 21. Nf3
Nc5 22. Nd1 Rfd8 23. c4 Bxb2 24. Nxb2 Qb7 25. Nd3 Nxe4 26. Qe2 Nc5 27. Nxc5
dxc5 28. Qf2 Nf5 29. Rcd1 Nd4 30. Nxd4 cxd4 31. Kg1 d3 32. Re4 Qc7 33. c5 Qc6
34. Re5 Rb5 35. h4 f6 36. Re3 Rxc5 37. Rxe6 Qxe6 38. Qxc5 d2 39. Kh2 Rc8 40.
Qf2 Qxa2 41. Qxd2 Qxd2+ 42. Rxd2 a5 43. Rd4 Rc5 44. g4 f5 45. gxf5 Rxf5 46. Kg2
Kg7 47. Kg3 Kf7 48. Rd6 Rf6 49. Rd5 Re6 50. Rd3 a4 51. Ra3 Kf6 52. Kf3 Re1 53.
Kg3 Rg1+ 54. Kf3 Rf1+ 55. Kg3 Rc1 56. Kf3 h5 57. Kg3 Rc4 58. Kf3 0-1

[Event "Autumn Cup"]
[Site "Box Hill"]
[Date "2002.03.01"]
[Round "4.8"]
[White "Sharman, Scot A"]
[Black "Nemeth, Janos"]
[Result "1-0"]
[WhiteElo "1682"]
[BlackElo "1873"]
[Annotator "hl"]
[PlyCount "41"]
[EventDate "2002.02.08"]

1. e4 c5 2. Nf3 d6 3. d4 cxd4 4. Nxd4 Nf6 5. Nc3 g6 6. Be3 Bg7 7. f3 O-O 8. Qd2
Nc6 9. O-O-O Bd7 10. g4 Qa5 11. Kb1 Rfc8 12. h4 Ne5 13. h5 Rab8 14. hxg6 fxg6
15. Bh6 b5 16. Bxg7 Kxg7 17. Qh6+ Kf7 18. g5 Ng8 19. Qxh7+ Kf8 20. Bh3 Qc7 21.
Be6 1-0

[Event "Autumn Cup"]
[Site "Box Hill"]
[Date "2002.03.01"]
[Round "4.9"]
[White "Wheelwright, Philip"]
[Black "Liston, Howard"]
[Result "1-0"]
[WhiteElo "1826"]
[BlackElo "1596"]
[Annotator "hl"]
[PlyCount "65"]
[EventDate "2002.02.08"]

1. d4 d5 2. c4 dxc4 3. Nf3 Nf6 4. Nc3 e6 5. Bg5 a6 6. e4 Be7 7. Bxc4 b5 8. Bd3
Bb7 9. Qc2 Nc6 10. Rd1 Nb4 11. Qe2 Nxd3+ 12. Rxd3 c6 13. O-O O-O 14. Ne5 Nxe4
15. Bxe7 Nxc3 16. Rxc3 Qxe7 17. Nxc6 Qd7 18. Ne5 Qxd4 19. Rg3 Rad8 20. Qh5 f5
21. Re1 Qd2 22. Rge3 Rf6 23. Nf3 Bxf3 24. Qxf3 Qxb2 25. h3 Qxa2 26. Qc6 Qc4 27.
Qxa6 e5 28. Qa5 Re8 29. Rxe5 Rxe5 30. Rxe5 Rd6 31. Qa8+ Kf7 32. Qe8+ Kf6 33.
Qe7+ 1-0

[Event "Autumn Cup"]
[Site "Box Hill"]
[Date "2002.03.01"]
[Round "4.10"]
[White "Kildisas, Victor E"]
[Black "Parker, Derek"]
[Result "1-0"]
[WhiteElo "1803"]
[BlackElo "1570"]
[Annotator "hl"]
[PlyCount "71"]
[EventDate "2002.02.08"]

1. e4 e6 2. d4 d5 3. Nd2 Nc6 4. Ngf3 dxe4 5. Nxe4 Bd6 6. c3 Nf6 7. Bd3 Nd5 8.
Bg5 Be7 9. Bxe7 Qxe7 10. Qd2 h6 11. Bb5 Bd7 12. Nc5 a6 13. Ba4 b5 14. Bb3 O-O
15. O-O Na5 16. Ne5 Bc8 17. f4 Nxb3 18. axb3 Qh4 19. c4 bxc4 20. bxc4 Nf6 21.
Qf2 Qh5 22. Qf3 Qxf3 23. Rxf3 Rd8 24. Rd3 Nd7 25. Nexd7 Bxd7 26. Rxa6 Rxa6 27.
Nxa6 Ra8 28. Ra3 c6 29. Nc5 Rxa3 30. bxa3 Bc8 31. a4 Kf8 32. a5 Ke7 33. a6 Bxa6
34. Nxa6 g5 35. g3 Kd6 36. Kf2 1-0

[Event "Autumn Cup"]
[Site "Box Hill"]
[Date "2002.03.01"]
[Round "4.11"]
[White "Lugo, Ruperto"]
[Black "Jukic, Davor"]
[Result "1/2-1/2"]
[WhiteElo "1599"]
[BlackElo "1725"]
[Annotator "hl"]
[PlyCount "119"]
[EventDate "2002.02.08"]

1. Nf3 Nf6 2. c4 c6 3. Nc3 d5 4. e3 e6 5. b3 Nbd7 6. Bb2 Qa5 7. Be2 dxc4 8.
Bxc4 Nb6 9. Bd3 Nbd5 10. O-O Be7 11. Nxd5 exd5 12. Bc3 Qc7 13. Be5 Bd6 14. Bxd6
Qxd6 15. Rc1 Bg4 16. Be2 Nd7 17. Nd4 Bxe2 18. Qxe2 Qf6 19. Qg4 Ne5 20. Qf5 Qd6
21. Qg5 g6 22. Qg3 Rd8 23. Nf3 Nxf3+ 24. Qxf3 O-O 25. d4 a5 26. Rc2 Ra8 27. a4
Rfc8 28. Rfc1 Rc7 29. Qe2 Qb4 30. Qd3 Rac8 31. Qc3 Qxc3 32. Rxc3 Kf8 33. Kf1
Ke7 34. Ke2 Kd6 35. Kd3 f5 36. h4 b6 37. g3 c5 38. R1c2 Re8 39. Rc1 h6 40. Kd2
Rh8 41. Ke2 g5 42. Rh1 g4 43. Rhc1 h5 44. Kd3 Rhc8 45. R1c2 Rc6 46. Rc1 R8c7
47. R1c2 Kd7 48. Rc1 Kc8 49. R1c2 Kb7 50. Rc1 Ka6 51. R1c2 Kb7 52. Rc1 Rc8 53.
R1c2 Kc7 54. Rc1 Kd6 55. R1c2 c4+ 56. bxc4 dxc4+ 57. Rxc4 Rxc4 58. Rxc4 Rxc4
59. Kxc4 Kc6 60. Kd3 1/2-1/2

[Event "Autumn Cup"]
[Site "Box Hill"]
[Date "2002.03.01"]
[Round "4.12"]
[White "Stojic, Dusan"]
[Black "Voon, Richard"]
[Result "1-0"]
[WhiteElo "1577"]
[BlackElo "1842"]
[Annotator "hl"]
[PlyCount "56"]
[EventDate "2002.02.08"]

1. e4 c5 2. Nf3 Nc6 3. d4 cxd4 4. Nxd4 Nf6 5. Nc3 d6 6. Bg5 e6 7. Qd2 Be7 8.
O-O-O O-O 9. f4 Nxd4 10. Qxd4 Qa5 11. Kb1 Rd8 12. Qe3 a6 13. Qf3 Rb8 14. g4 b5
15. Bh4 Bb7 16. g5 Nd7 17. Bg2 b4 18. Ne2 d5 19. Ng3 dxe4 20. Nxe4 Nc5 21. Qe2
Bd5 22. b3 Qa3 23. Nxc5 Bxg2 24. Nxe6 Rxd1+ 25. Rxd1 Bh3 26. Qe5 fxe6 27. Qxb8+
Kf7 28. Qc7 Ke8 1-0

[Event "Autumn Cup"]
[Site "Box Hill"]
[Date "2002.03.01"]
[Round "4.15"]
[White "O'Connor, Phil"]
[Black "Jenkins, Keith"]
[Result "0-1"]
[WhiteElo "1492"]
[BlackElo "1670"]
[Annotator "jp"]
[PlyCount "50"]
[EventDate "2002.02.08"]

1. d4 d5 2. Nf3 Nf6 3. c4 e6 4. g3 c6 5. Bg2 Bd6 6. O-O O-O 7. Qc2 Nbd7 8. b3
e5 9. dxe5 Nxe5 10. cxd5 cxd5 11. Rd1 Be6 12. Bb2 Rc8 13. Nc3 Ne4 14. Nxe5 Nxc3
15. Nxf7 Rxf7 16. Bxc3 Be5 17. Rxd5 Bxd5 18. Rd1 Rd7 19. Qf5 Bxc3 20. e4 Bc6
21. Rxd7 Qxd7 22. Qf3 Ba5 23. Qh5 Bb6 24. Bh3 Qe8 25. Qf3 Rd8 0-1

[Event "Autumn Cup"]
[Site "Box Hill"]
[Date "2002.03.01"]
[Round "4.16"]
[White "Kloprogge, Ion"]
[Black "Turner, Adrian E"]
[Result "1/2-1/2"]
[WhiteElo "1457"]
[BlackElo "1660"]
[Annotator "hl"]
[PlyCount "60"]
[EventDate "2002.02.08"]

1. e4 e5 2. Nf3 Nf6 3. d3 Nc6 4. g3 d5 5. Nbd2 dxe4 6. dxe4 h6 7. Bg2 Be6 8.
O-O Bc5 9. b3 O-O 10. Bb2 Nd7 11. a3 a5 12. Qe2 Qe7 13. Nc4 f6 14. Ne3 Bxe3 15.
Qxe3 Qc5 16. Qc1 Rfd8 17. Nh4 Nd4 18. Qd1 Qxc2 19. Bxd4 Qxd1 20. Rfxd1 exd4 21.
b4 axb4 22. axb4 Rxa1 23. Rxa1 Nb6 24. Nf3 Nc4 25. Rd1 d3 26. Bf1 d2 27. Bxc4
Bxc4 28. Rxd2 Rxd2 29. Nxd2 Bd3 30. f4 Kf7 1/2-1/2

[Event "Autumn Cup"]
[Site "Box Hill"]
[Date "2002.03.01"]
[Round "4.17"]
[White "Lee, Michelle"]
[Black "Papa, James"]
[Result "1-0"]
[WhiteElo "1646"]
[BlackElo "1433"]
[Annotator "hl"]
[PlyCount "99"]
[EventDate "2002.02.08"]

1. e4 c5 2. Nf3 Nc6 3. d4 cxd4 4. Nxd4 g6 5. c4 Bg7 6. Be3 Nf6 7. Nc3 d6 8. Be2
O-O 9. O-O Ne5 10. h3 Bd7 11. Qd2 Rc8 12. b3 Nc6 13. f4 Nxd4 14. Bxd4 b5 15.
cxb5 Rxc3 16. Qxc3 Nxe4 17. Qe3 Bxd4 18. Qxd4 Ng3 19. Rfe1 Nxe2+ 20. Rxe2 Bxb5
21. Rc2 a6 22. a4 Bd7 23. Qa7 Bf5 24. Rc3 e5 25. Rd1 Qa5 26. Qc7 Qxc7 27. Rxc7
exf4 28. Rxd6 f3 29. gxf3 Bxh3 30. Rxa6 Rb8 31. Raa7 Be6 32. Rab7 Rd8 33. Rc1
Rd3 34. a5 Rxf3 35. a6 Rxb3 36. a7 Rg3+ 37. Kf2 Rf3+ 38. Ke2 Bg4 39. a8=Q+ Kg7
40. Kd2 Rf2+ 41. Ke1 Re2+ 42. Kf1 Bf3 43. Qa1+ Kh6 44. Rxf7 Bh5 45. Qg7+ Kg5
46. Qf6+ Kg4 47. Qf4+ Kh3 48. Rc3+ Re3 49. Rxe3+ Bf3 50. Rxf3# 1-0

[Event "Autumn Cup"]
[Site "Box Hill"]
[Date "2002.03.01"]
[Round "4.18"]
[White "Wilson, Norm"]
[Black "Fell, Rowan"]
[Result "0-1"]
[WhiteElo "1636"]
[BlackElo "1421"]
[Annotator "hl"]
[PlyCount "46"]
[EventDate "2002.02.08"]

1. e4 c5 2. Nf3 Nc6 3. d4 cxd4 4. Nxd4 g6 5. Nc3 Bg7 6. Be3 Nf6 7. f3 Qb6 8.
Qd2 Nxe4 9. fxe4 Bxd4 10. Bxd4 Qxd4 11. Bd3 Nb4 12. O-O-O Nxd3+ 13. cxd3 O-O
14. Kb1 d6 15. Nd5 e6 16. Ne3 Bd7 17. h4 Rac8 18. h5 Ba4 19. b3 Bb5 20. hxg6
fxg6 21. Nc2 Qf2 22. Nd4 Qxd4 23. Rxh7 Bxd3+ 0-1

[Event "Autumn Cup"]
[Site "Box Hill"]
[Date "2002.03.01"]
[Round "4.19"]
[White "Le, Tuan N"]
[Black "Kable, John R"]
[Result "1/2-1/2"]
[WhiteElo "1954"]
[BlackElo "1548"]
[Annotator "hl"]
[PlyCount "123"]
[EventDate "2002.02.08"]

1. d4 Nf6 2. c4 g6 3. Nc3 d5 4. Nf3 Bg7 5. Qb3 dxc4 6. Qxc4 O-O 7. e4 c6 8. Qb3
Qb6 9. Qxb6 axb6 10. e5 Ne8 11. Bc4 b5 12. Bb3 Nc7 13. Bg5 e6 14. O-O Nd7 15.
a4 bxa4 16. Nxa4 b5 17. Nc3 Ba6 18. Ne4 b4 19. Rfc1 Bd3 20. Nd6 f6 21. exf6
Bxf6 22. Bxf6 Nxf6 23. Rxa8 Rxa8 24. Ne5 Be4 25. f3 Bd5 26. Bxd5 Ncxd5 27. Rxc6
Ra1+ 28. Kf2 Rd1 29. Ndc4 Rxd4 30. Rxe6 Rf4 31. Ke2 Rh4 32. Rd6 Rxh2 33. Ne3
Nxe3 34. Kxe3 Nh5 35. g4 Ng3 36. Kf4 Re2 37. Nxg6 hxg6 38. Kxg3 Kf7 39. Rb6
Rxb2 40. Kh4 Rf2 41. Kg3 Rb2 42. Kf4 b3 43. Kg5 Rb1 44. f4 b2 45. Rb5 Kg7 46.
Rb7+ Kf8 47. Kf6 Ke8 48. Rb8+ Kd7 49. Kxg6 Rg1 50. Rxb2 Rxg4+ 51. Kf5 Rg1 52.
Re2 Rg8 53. Re5 Kd6 54. Ke4 Rg1 55. Ra5 Rb1 56. Ra6+ Ke7 57. Kf5 Rf1 58. Ra7+
Kf8 59. Kg5 Rb1 60. f5 Rb6 61. Ra8+ Kg7 62. Ra7+ 1/2-1/2

[Event "Autumn Cup"]
[Site "Box Hill"]
[Date "2002.03.01"]
[Round "4.20"]
[White "Miller, Anthony"]
[Black "Waller, A (Tony)"]
[Result "1-0"]
[WhiteElo "1517"]
[BlackElo "1755"]
[Annotator "hl"]
[PlyCount "87"]
[EventDate "2002.02.08"]

1. e4 c5 2. Nf3 Nc6 3. d4 cxd4 4. Nxd4 Nf6 5. Nc3 d6 6. Be2 e5 7. Nb3 Be7 8.
Be3 a5 9. a4 O-O 10. f3 Nb4 11. O-O Be6 12. Nc1 d5 13. exd5 Nbxd5 14. Nxd5 Nxd5
15. Bf2 Qc7 16. Bb5 Rfd8 17. Nd3 Rac8 18. Qe1 Nb4 19. Nxb4 Bxb4 20. c3 Bd6 21.
Rd1 Bc4 22. Bxc4 Qxc4 23. Qe4 Qxe4 24. fxe4 Rc6 25. Rd5 Bc7 26. Rfd1 Rdd6 27.
Rxd6 Bxd6 28. Rd5 Bc7 29. Rc5 Bb6 30. Rxc6 Bxf2+ 31. Kxf2 bxc6 32. Ke3 Kf8 33.
b4 axb4 34. cxb4 Ke8 35. Kd3 Kd7 36. Kc4 Kc7 37. g4 f6 38. Kc5 g6 39. a5 h6 40.
b5 cxb5 41. Kxb5 f5 42. gxf5 gxf5 43. exf5 e4 44. Kc4 1-0

[Event "Autumn Cup"]
[Site "Box Hill"]
[Date "2002.03.01"]
[Round "4.21"]
[White "Nemeth, Laszlo"]
[Black "Flude, David A"]
[Result "1/2-1/2"]
[WhiteElo "1494"]
[BlackElo "1749"]
[Annotator "hl"]
[PlyCount "88"]
[EventDate "2002.02.08"]

1. d4 Nf6 2. Bg5 Ne4 3. h4 c5 4. Nf3 Qa5+ 5. c3 Qb6 6. Qc2 d5 7. Nbd2 Nxd2 8.
Qxd2 e6 9. e3 Nc6 10. a4 a5 11. Bb5 Bd7 12. Rb1 Bd6 13. O-O O-O 14. dxc5 Qxc5
15. Bxc6 Qxc6 16. b3 f6 17. Bf4 Bxf4 18. exf4 Rac8 19. Rfc1 Qb6 20. f5 Rcd8 21.
fxe6 Bxe6 22. Nd4 Bf7 23. Re1 Rfe8 24. Rxe8+ Rxe8 25. Re1 Re5 26. g3 Qd8 27.
Re3 Qe7 28. Qe1 Rxe3 29. Qxe3 Qe5 30. Qxe5 fxe5 31. Nf3 e4 32. Nd4 Kf8 33. Kf1
Be8 34. Ke2 Ke7 35. Ke3 Kf6 36. Kf4 Bd7 37. f3 exf3 38. Nxf3 h5 39. Nd4 g6 40.
Nb5 Bg4 41. Nd6 Bd1 42. Nxb7 Bxb3 43. Nc5 Bc2 44. Nb7 Bf5 1/2-1/2

[Event "Autumn Cup"]
[Site "Box Hill"]
[Date "2002.03.01"]
[Round "4.24"]
[White "Stanning, Trevor"]
[Black "Simpson, Bruce"]
[Result "1/2-1/2"]
[WhiteElo "1583"]
[BlackElo "1421"]
[Annotator "hl"]
[PlyCount "67"]
[EventDate "2002.02.08"]

1. e4 c5 2. Nf3 e6 3. Bd3 d5 4. e5 c4 5. Be2 Nc6 6. d4 cxd3 7. cxd3 Bb4+ 8. Bd2
Bxd2+ 9. Qxd2 Nge7 10. d4 O-O 11. O-O Qb6 12. Nc3 Nf5 13. Rfd1 h6 14. Rac1 Qd8
15. g3 a6 16. b3 f6 17. g4 Nfe7 18. exf6 Rxf6 19. Ne5 Qf8 20. Rf1 Rf4 21. Nd3
Rxd4 22. f4 Nb4 23. Qe3 Nxd3 24. Bxd3 Nc6 25. Ne2 Rb4 26. Bc2 Qd8 27. Qd3 Re4
28. Ng3 Qb6+ 29. Kh1 Nb4 30. Qf3 Nxc2 31. Nxe4 dxe4 32. Qxe4 Bd7 33. Rxc2 Bc6
34. Rxc6 1/2-1/2